Stacje radiowe odbierane w Łodzi - Statystyki

Ogólne statystyki
  • Ten quiz został rozwiązany 30 razy
  • Średni wynik to 16 z 22
Statystyki odpowiedzi
Częstotliwość Odpowiedź % Poprawnych
92,6 FM Radio Zet
100%
93,5 FM RMF FM
100%
90,1 FM Radio Eska Łódź
96%
87,9 FM Radio Maryja
88%
103,8 FM Program III Polskiego Radia
85%
91,4 FM Program II Polskiego Radia
85%
107,8 FM Program I Polskiego Radia
85%
89,6 FM AntyRadio
81%
99,2 FM Radio Łódź
81%
102,3 FM Radio Eska Rock
77%
97,9 FM Radio VOX FM
73%
105 FM RMF Classic
69%
104,5 FM MeloRadio Łódź
65%
96 FM Radio Parada
65%
97,4 FM Radio TOK FM
62%
101,3 FM Złote Przeboje 101,3 FM
62%
99,8 FM Radio Eska 2 Łódź
58%
107,3 FM Polskie Radio 24
54%
88,8 FM Studenckie Radio ŻAK Politechniki Łódzkiej
54%
100,4 FM Radio Plus Łódź
50%
98,6 FM Radio Niepokalanów
46%
106,1 FM Radio Wnet
42%
Nie znaleziono quizów pasujących do podanych kryteriów
Rozkład punktacji
Procent ludzi z każdym wynikiem
Percentyl według liczby udzielonych odpowiedzi
Twoja historia wyników
Nie rozwiązałeś tego quizu